000 00338nam a2200133 i 4500
001 bg
100 1 _aKRASENSKIJ, V.E.
245 0 _aGrażdanskie, promyslennye i seiskochozjajstvenye zdanija /
_cV.E. Krasenskij.
260 _aMoskva,
_c1968.
040 _cBPK
041 _apol
942 _cKS
008 s pl f |000 0 pol
999 _c8690
_d8690
856 _uhttp://koha.tu.koszalin.pl/cgi-bin/koha/opac-detail.pl?biblionumber=8690
_yKatalog online BPK